| 000 | 00478nam a2200169 a 4500 | ||
|---|---|---|---|
| 005 | 20140310183239.0 | ||
| 008 | 040906s19uu xx 00 eng d | ||
| 020 | _a0809205076E | ||
| 050 |
_aPS 634 _b.B561 1998 |
||
| 245 |
_aBest plays : _badvanced level / |
||
| 260 |
_aU.S.A : _bJamestown Publishers, _c1998. |
||
| 300 |
_a339 p. : _c24 cm. |
||
| 650 | _aPhilippine Literature (English). | ||
| 650 | _aPlay, Philippine (English). | ||
| 942 |
_cBK _2lcc _kFOR |
||
| 999 |
_c20589 _d20589 |
||